مكتبة جامعة عجلون الوطنية

فهرس بحث المكتبة

Normal view MARC view
  • Holt,Thomas j, Adam M.Bossler, Kathryn C. ,Seigfried-Spellar

Entry Personal Name

Number of records used in: 1

001 - CONTROL NUMBER

  • control field: 6739

003 - CONTROL NUMBER IDENTIFIER

  • control field: JO-AjAnu

005 - DATE AND TIME OF LATEST TRANSACTION

  • control field: 20230606071407.0

008 - FIXED-LENGTH DATA ELEMENTS

  • fixed length control field: 230606|| aca||aabn | a|a d

040 ## - CATALOGING SOURCE

  • Original cataloging agency: JO-AjAnu
  • Transcribing agency: JO-AjAnu

100 ## - HEADING--PERSONAL NAME

  • Personal name: Holt,Thomas j, Adam M.Bossler, Kathryn C. ,Seigfried-Spellar

670 ## - SOURCE DATA FOUND

  • Source citation: Work cat.: (JO-AjAnu)3493: Holt,Thomas j, Adam M.Bossler, Kathryn C. ,Seigfried-Spellar, author, Cybercrime and Digital Forensics: An introduction